Open Data Biblioteca Nacional de Portugal


República Portuguesa: Ministério da Cultura
Biblioteca Nacional de Portugal

Catálogo da BNP: acesso por Identificadores Unívocos
Registos Bibliográficos associados ao registo de autoridade

Etiqueta de registo: 00254nam 2200025 450
001 2285182
003 http://id.bnportugal.gov.pt/bib/catbnp/2285182
010 ## $a978-989-35051-8-2
021 ## $aPT$b560093/26
100 ## $a20260424d2026 m y0pory01030103ba
101 1# $apor
102 ## $aPT
105 ## $ay z 000yy
106 ## $ar
200 1# $aLisístrata$fAristófanes$gtrad., coment. e ap. João Constâncio$gintrod. Luisa Buarque, João Constâncio
205 ## $a1ª ed
210 #9 $a[S.l.]$cSaguão,$d2026
215 ## $a343, [1] p.$d21 cm
225 2# $aSaguão$v43
700 #0 $aAristófanes,$f445?-385? a.C.$322983
702 #1 $aConstâncio,$bJoão,$f1971-$4730$3231539
702 #1 $aBuarque,$bLuísa$4080$31996826
801 #0 $aPT$bBN$gRPC
966 ## $lBN$mFGMON$x1
966 ## $lBN$mFGMON$x1
971 ## $cssilva$d20260424

OpendataBNP@bnportugal.pt | Mais informação sobre acesso aos dados BNP